000 00883cab a2200265 4500
001 ABS52006
008 090401t1994 xxu||||| |||| 00| 0 eng d
035 _a(Sirsi) u54474
041 _aeng
100 _aSanderson, P.
245 _aPlant and machinery rating
260 _c1994
350 _a0
490 _aEstates Gazette
_v(9448) 3 December 1994, 122-123(2)
520 _aDiscusses the changes to be introduced by the new Valuation for Rating (Plant and Machinery) Regulations 1994 (SI 1994:2680), with effect from 1 April 1995.
650 _aPLANT AND MACHINERY
650 _aRECEIPTS AND EXPENDITURE VALUATION METHOD
650 _aRATEABILITY
650 _aRATING REVALUATION 1995
650 _aVALUATION FOR RATING (PLANT AND MACHINERY) REGULATIONS 199
650 _aWOOD COMMITTEE
690 _aRATING AND VALUATION
942 _n0
948 _c04/03/1997
999 _c33391
_d33391